| 000 | 00343nam a2200109 4500 | ||
|---|---|---|---|
| 999 |
_c508209 _d508209 |
||
| 082 | _aA45:R803 ASSA/1951 | ||
| 100 |
_aGovernment of Assam _93393 |
||
| 245 | _aAnnual report on the working of the Indian Trade Unions Act, 1926 in the State of Assam, 1950-51 | ||
| 260 |
_aShillong _bAssam Government Press _c1952 |
||
| 300 | _a29p. | ||
| 942 | _2ddc | ||